| 000 | 01079nam a22002417a 4500 | ||
|---|---|---|---|
| 005 | 20240530110352.0 | ||
| 008 | 141224s2009 sy o g 000 0 ara d | ||
| 017 |
_a2008/22905 _bمصر . دار الكتب المصرية |
||
| 020 | _a9773764435 | ||
| 040 | _aEG-CaGPL | ||
| 041 | 0 | _aara | |
| 082 | 0 | 4 |
_221 _a320.973\ _bم ث |
| 100 | 0 | _aمجدى كامل | |
| 245 | 1 | 0 |
_aثورة اوباما الامريكية : _bذهبت السكرة وجاءت الفكرة هلى يصدق ام يصبح رئيسا ابيض فى جلد اسود / _cمجدى كامل |
| 250 | _aط1 | ||
| 260 |
_aدمشق : _bدار الكتاب العربى ، _c2009 |
||
| 300 |
_a455 ص : _bصور ، _c24 سم |
||
| 650 | 0 | 4 |
_aالولايات المتحدة الامريكية _xالبيت الابيض |
| 650 | 0 | 4 |
_aالولايات المتحدة الامريكية _xتاريخ _yالعصر الحديث _xبراك اوباما |
| 650 | 0 | 4 |
_aالولايات المتحدة الامريكية _xالاحوال السياسية |
| 942 |
_2ddc _cBK |
||
| 999 |
_c60087 _d60087 |
||